Codes of practice for student accommodation (Record no. 104594)

MARC details
000 -LEADER
fixed length control field 01080cam a2200193 4500
001 - CONTROL NUMBER
control field L130887
008 - FIXED-LENGTH DATA ELEMENTS--GENERAL INFORMATION
fixed length control field 050912n2005 000 0 eng u
035 ## - SYSTEM CONTROL NUMBER
System control number (Sirsi) u130887
041 0# - LANGUAGE CODE
Language code of text/sound track or separate title eng
110 ## - MAIN ENTRY--CORPORATE NAME
Corporate name or jurisdiction name as entry element Office of the Deputy Prime Minister
9 (RLIN) 4685
245 ## - TITLE STATEMENT
Title Codes of practice for student accommodation
Remainder of title approved codes under section 233 of the Housing Act 2004
260 ## - PUBLICATION, DISTRIBUTION, ETC.
Place of publication, distribution, etc. London
Name of publisher, distributor, etc. ODPM
Date of publication, distribution, etc. 2005
520 ## - SUMMARY, ETC.
Summary, etc. This ODPM consultation seeks final views on the approval of three codes of management practice for student accommodation under the Housing Act 2004. The paper also sets out how the primary legislation may be used to approve them and the context in which this approval is being sought. The consultation covers England and Wales and responses are required by 6 October 2005.
590 ## - LOCAL NOTE (RLIN)
Local note IKA130905
650 ## - SUBJECT ADDED ENTRY--TOPICAL TERM
Topical term or geographic name entry element HOUSING ACT 2004 S233
690 ## - LOCAL SUBJECT ADDED ENTRY--TOPICAL TERM (OCLC, RLIN)
Topical term or geographic name as entry element PROPERTY-RESIDENTIAL PROPERTY-COMMUNAL RESIDENTIAL PROPERTY
856 ## - ELECTRONIC LOCATION AND ACCESS
Uniform Resource Identifier <a href="https://www.communities.gov.uk/documents/housing/pdf/142091.pdf">https://www.communities.gov.uk/documents/housing/pdf/142091.pdf</a>
Public note View the consultation free of charge at www.dclg.gov.uk...
942 ## - ADDED ENTRY ELEMENTS (KOHA)
Suppress in OPAC 0
Holdings
Withdrawn status Lost status Source of classification or shelving scheme Damaged status Not for loan Home library Current library Shelving location Date acquired Total Checkouts Full call number Barcode Date last seen Copy number Price effective from Koha item type
    Dewey Decimal Classification     Virtual Virtual Online 12/09/2005   ONLINE PUBLICATION 130887-2001 06/08/2019 1 06/08/2019 Book